000
00205nam a2200097Ia 4500
008
190216s9999||||xx |||||||||||||| ||und||
100
_a
Jain.S.K
245
0
_a
Chemical Reaction
260
_b
Null
942
_c
BK
999
_c
2091
_d
2091